000 00757nam a2200229 4500
001 117752
003 ES-MaACL
005 20260525062932.0
007 t|
008 070214s1947 ag r ||||1| spa d
100 1 _aPeers, E. Allison.
_989958
245 1 3 _aEl misticismo español /
_cE. Allison Peers ; traducción del inglés por Carlos Clavería.
250 _a[1ª ed.].
260 _aBuenos Aires :
_bEspasa-Calpe,
_c1947.
300 _a215 p. ;
_c18 cm.
490 1 _aColección austral ;
_v671
650 _aLiteratura mística española-
_xHistoria y crítica.
_9149216
700 1 _aClavería, Carlos,
_d1909-1974
_9149212
830 0 _aColección austral
_v671
_9177655
852 _aES-MaACL
_jC-4892
_bR.25557
999 _c117752
_d117752